[Event "TuS Coswig 1920-Hamburger SK von 1830"]
[Site "Osnabrück"]
[Date "2012.12.29"]
[Round "5.3"]
[White "Doberitz, Paul"]
[Black "Kieslich, Aaron"]
[Result "0-1"]
[WhiteElo "2215"]
[BlackElo "1990"]
[PlyCount "90"]
[EventDate "2012.??.??"]
[WhiteTeam "Hamburger SK von 1830"]
[BlackTeam "TuS Coswig 1920"]

1. e4 c5 2. Nf3 d6 3. d4 cxd4 4. Nxd4 Nf6 5. Nc3 a6 6. Be3 e6 7. f3 b5 8. Qd2
Nbd7 9. g4 Nb6 10. Bd3 Bb7 11. O-O-O Rc8 12. h4 Nfd7 13. f4 b4 14. Nce2 d5 15.
Ng3 Nc4 16. Bxc4 dxc4 17. c3 Nc5 18. Qc2 Qa5 19. cxb4 Qxb4 20. Nde2 Nd3+ 21.
Kb1 Bc5 22. Bd2 Qb6 23. Rhf1 O-O 24. g5 Bc6 25. Bc3 Rb8 26. Nc1 Nxb2 27. Qxb2
Qa7 28. Nb3 cxb3 29. a3 f6 30. gxf6 g6 31. f5 exf5 32. exf5 Qf7 33. Ka1 Rfd8
34. Rde1 Rd3 35. Ne4 Bxe4 36. Rxe4 Rbd8 37. Rc1 Rd1 38. fxg6 hxg6 39. Re1 R1d3
40. Kb1 Be3 41. Rxe3 Rxe3 42. h5 g5 43. Rg1 Qd5 44. f7+ Kxf7 45. Rf1+ Kg8 0-1

[Event "TuS Coswig 1920-Hamburger SK von 1830"]
[Site "Osnabrück"]
[Date "2012.12.29"]
[Round "5.5"]
[White "Grötzbach, Julian"]
[Black "Merker, Konstantin"]
[Result "1-0"]
[WhiteElo "2019"]
[BlackElo "1727"]
[PlyCount "79"]
[EventDate "2012.??.??"]
[WhiteTeam "Hamburger SK von 1830"]
[BlackTeam "TuS Coswig 1920"]

1. e4 d5 2. exd5 Nf6 3. Bb5+ Bd7 4. Be2 Bf5 5. Nf3 Nxd5 6. d4 e6 7. O-O Nc6 8.
c4 Ndb4 9. Na3 Be7 10. Be3 O-O 11. Qd2 Qd7 12. Rfc1 Rad8 13. Nb5 Bf6 14. a3 Nc2
15. Rxc2 Bxc2 16. Qxc2 a6 17. Nc3 Nxd4 18. Nxd4 Bxd4 19. Rd1 c5 20. Bg5 Rc8 21.
Bd3 h6 22. Bh4 Qc7 23. Qe2 Qb6 24. Re1 g6 25. h3 Kh7 26. Rb1 Qb3 27. Ne4 Rc7
28. Bc2 Qb6 29. Nf6+ Kg7 30. Qf3 Qd6 31. Rd1 b5 32. b3 bxc4 33. bxc4 Rb8 34.
Ne4 Qc6 35. Rxd4 cxd4 36. Qf6+ Kh7 37. Bg3 Rh8 38. Be5 Rg8 39. Qh4 g5 40. Nxg5#
1-0

[Event "TuS Coswig 1920-Hamburger SK von 1830"]
[Site "Osnabrück"]
[Date "2012.12.29"]
[Round "5.6"]
[White "von Koslowski, Utz"]
[Black "Weidmann, Kevin"]
[Result "1-0"]
[WhiteElo "1691"]
[BlackElo "1710"]
[PlyCount "107"]
[EventDate "2012.??.??"]
[WhiteTeam "TuS Coswig 1920"]
[BlackTeam "Hamburger SK von 1830"]

1. e4 c5 2. Nf3 Nc6 3. d4 cxd4 4. Nxd4 e5 5. Nxc6 bxc6 6. Qh5 d6 7. Bc4 Qc7 8.
Nc3 Nf6 9. Qd1 Be7 10. O-O O-O 11. h3 Rd8 12. Bb3 Bb7 13. Qe2 a5 14. Re1 Ba6
15. Qf3 Bb5 16. a4 Ba6 17. Bg5 h6 18. Bh4 Rf8 19. Rad1 Ne8 20. Bxe7 Qxe7 21.
Qg3 Nc7 22. Rd2 Ne6 23. Nd1 Rab8 24. Ne3 g6 25. Nf5 Qg5 26. Qxg5 Nxg5 27. Nxh6+
Kg7 28. Ng4 Rfd8 29. h4 Ne6 30. Bxe6 fxe6 31. b3 Kf7 32. Red1 Ke7 33. g3 c5 34.
Ne3 Rb4 35. f3 c4 36. bxc4 Bxc4 37. Ng4 Rxa4 38. Nxe5 Kf6 39. Nc6 Rc8 40. Rxd6
Be2 41. e5+ Kg7 42. R1d2 Bxf3 43. Rd7+ Kf8 44. Ne7 Rc3 45. Nxg6+ Kg8 46. Nf4
Bd5 47. Nxd5 exd5 48. e6 Rxg3+ 49. Kf2 Rgg4 50. Rd3 Rxh4 51. Rd8+ Kg7 52. e7
Raf4+ 53. Kg2 Rfg4+ 54. Rg3 1-0

[Event "Hagener SV-SG Solingen"]
[Site "Osnabrück"]
[Date "2012.12.29"]
[Round "5.2"]
[White "Rieping, Heiner"]
[Black "Kyas, Marcel"]
[Result "1/2-1/2"]
[WhiteElo "1933"]
[BlackElo "2153"]
[PlyCount "102"]
[EventDate "2012.??.??"]
[WhiteTeam "Hagener SV"]
[BlackTeam "SG Solingen"]

1. e4 d6 2. d4 Nf6 3. Bd3 e5 4. Ne2 Nbd7 5. O-O Be7 6. Nbc3 c6 7. dxe5 dxe5 8.
Be3 O-O 9. f3 Bc5 10. Qc1 Qb6 11. Nd1 Rd8 12. Nec3 Ne8 13. Na4 Bxe3+ 14. Qxe3
Qxe3+ 15. Nxe3 b5 16. Nc3 Nc5 17. Be2 Be6 18. Rfd1 Rd4 19. Bf1 Rad8 20. Ne2
Rxd1 21. Rxd1 Rxd1 22. Nxd1 a5 23. Nc1 a4 24. a3 Nd6 25. Ne3 Kf8 26. Nd3 Nxd3
27. Bxd3 c5 28. c3 Ke7 29. Kf2 Kd7 30. Ke2 Kc6 31. Kd2 Kb6 32. Kc2 Ka5 33. Kd2
h5 34. g3 f6 35. Ke2 Kb6 36. f4 Kc6 37. fxe5 fxe5 38. h4 Kd7 39. Kf2 Ke7 40.
Kf3 Kf6 41. Kf2 g5 42. Kf3 g4+ 43. Ke2 Bf7 44. Nd1 Ke7 45. Ne3 Be6 46. Kd2 c4
47. Be2 Kf6 48. Nd1 Nc8 49. Ke3 Ne7 50. Nf2 Ng6 51. Nh1 Ne7 1/2-1/2

[Event "Hagener SV-SG Solingen"]
[Site "Osnabrück"]
[Date "2012.12.29"]
[Round "5.3"]
[White "Fichtner, Ewald"]
[Black "Bonacic, Jascha"]
[Result "1-0"]
[WhiteElo "2021"]
[BlackElo "1914"]
[PlyCount "87"]
[EventDate "2012.??.??"]
[WhiteTeam "SG Solingen"]
[BlackTeam "Hagener SV"]

1. d4 g6 2. c4 Bg7 3. Nf3 d6 4. g3 Nf6 5. Bg2 O-O 6. O-O Nbd7 7. Nc3 c5 8. d5
Rb8 9. e4 a6 10. a4 b6 11. Qe2 Ne8 12. Ne1 e5 13. dxe6 fxe6 14. Be3 Bb7 15. Rd1
Qe7 16. Nf3 Ndf6 17. Bg5 h6 18. Bc1 Nd7 19. Nh4 Kh7 20. f4 Bf6 21. Nf3 Nc7 22.
Bh3 Rbd8 23. Qc2 Bxc3 24. bxc3 Nf6 25. Rde1 Nxe4 26. Rxe4 Bxe4 27. Qxe4 Rfe8
28. Re1 Qf7 29. Qb1 Rb8 30. Rd1 Red8 31. Bf1 Qf6 32. Bd3 Rg8 33. Be4 b5 34.
axb5 axb5 35. Rxd6 Rgd8 36. Rxd8 Rxd8 37. cxb5 Nxb5 38. Qxb5 Rd1+ 39. Kg2 Rxc1
40. Ne5 Qe7 41. Qb8 Rd1 42. Nxg6 Qe8 43. Qb7+ Kg8 44. Ne5 1-0

[Event "Hagener SV-SG Solingen"]
[Site "Osnabrück"]
[Date "2012.12.29"]
[Round "5.4"]
[White "Beinke, Lukas"]
[Black "Wroblowski, Oliver"]
[Result "1/2-1/2"]
[WhiteElo "1866"]
[BlackElo "1955"]
[PlyCount "87"]
[EventDate "2012.??.??"]
[WhiteTeam "Hagener SV"]
[BlackTeam "SG Solingen"]

1. e4 c5 2. Nf3 d6 3. c4 Nc6 4. d4 cxd4 5. Nxd4 g6 6. Be3 Bg7 7. Nc3 Nf6 8. Be2
Bd7 9. O-O O-O 10. Qd2 Ng4 11. Bxg4 Bxg4 12. f3 Be6 13. Nxe6 fxe6 14. Rad1 Qd7
15. c5 Rfd8 16. cxd6 exd6 17. Nb5 d5 18. exd5 exd5 19. Bg5 Re8 20. Qxd5+ Qxd5
21. Rxd5 Re2 22. Rfd1 Rxb2 23. Nc7 Rc8 24. Ne6 Re8 25. Nxg7 Kxg7 26. Rd7+ Kg8
27. R7d2 Re2 28. Rxe2 Rxe2 29. Rd2 Rxd2 30. Bxd2 b5 31. Kf2 Kf7 32. Ke3 Ke6 33.
f4 Kd5 34. Kd3 h5 35. h3 Nd8 36. g4 hxg4 37. hxg4 Ne6 38. f5 gxf5 39. gxf5 Nc5+
40. Kc2 Ne4 41. Bc3 Nxc3 42. Kxc3 a5 43. f6 Ke6 44. Kd4 1/2-1/2

[Event "Hagener SV-SG Solingen"]
[Site "Osnabrück"]
[Date "2012.12.29"]
[Round "5.5"]
[White "Shishkov, Mark"]
[Black "Wierum, Colin"]
[Result "0-1"]
[WhiteElo "1885"]
[BlackElo "1824"]
[PlyCount "76"]
[EventDate "2012.??.??"]
[WhiteTeam "SG Solingen"]
[BlackTeam "Hagener SV"]

1. d4 g6 2. c4 Bg7 3. e4 c5 4. Nf3 cxd4 5. Nxd4 Nc6 6. Be3 Nf6 7. Nc3 Ng4 8.
Nxc6 Nxe3 9. Nxd8 Nxd1 10. Rxd1 Bxc3+ 11. bxc3 Kxd8 12. g3 Kc7 13. e5 d6 14.
exd6+ exd6 15. Bg2 Re8+ 16. Kd2 Be6 17. Rb1 Rab8 18. Rhe1 b6 19. Bd5 Bxd5 20.
cxd5 Kd7 21. Kd3 Rxe1 22. Rxe1 Re8 23. Rxe8 Kxe8 24. Kc4 a6 25. h4 h5 26. Kb4
Ke7 27. a4 Kf6 28. c4 Ke5 29. f3 Kd4 30. g4 f6 31. a5 bxa5+ 32. Kxa5 Kxc4 33.
Kxa6 Kxd5 34. Kb5 Ke5 35. Kc4 Kf4 36. gxh5 gxh5 37. Kd5 Kxf3 38. Kxd6 Kg4 0-1

[Event "SAbt Frankfurter TV 1860-Sfr. Heidesheim"]
[Site "Osnabrück"]
[Date "2012.12.29"]
[Round "5.3"]
[White "Perske, Thore"]
[Black "Keller, Peter"]
[Result "0-1"]
[WhiteElo "2050"]
[BlackElo "2078"]
[PlyCount "94"]
[EventDate "2012.??.??"]
[WhiteTeam "Sfr. Heidesheim"]
[BlackTeam "SAbt Frankfurter TV 1860"]

1. e4 c5 2. Nf3 e6 3. d4 cxd4 4. Nxd4 Nc6 5. Nc3 Qc7 6. Be3 a6 7. Bd3 b5 8. a3
Bb7 9. O-O Nf6 10. Kh1 Rc8 11. f4 h5 12. Qe2 Ng4 13. Bg1 Nxd4 14. Bxd4 Bc5 15.
Bxc5 Qxc5 16. Rae1 g5 17. h3 gxf4 18. Rxf4 Qg5 19. Ref1 Ne5 20. Qf2 Rg8 21. Ne2
Rg7 22. Nd4 Qg3 23. Ne2 Qxf2 24. R1xf2 Ke7 25. Kh2 Rcg8 26. Rh4 Rxg2+ 27. Rxg2
Nf3+ 28. Kh1 Rxg2 29. Kxg2 Nxh4+ 30. Kg3 Ng6 31. Nf4 h4+ 32. Kg4 Nxf4 33. Kxf4
f6 34. Kg4 Kd6 35. Kxh4 Ke5 36. c4 Kd4 37. e5 fxe5 38. Bc2 e4 39. cxb5 axb5 40.
Kg3 e3 41. h4 Be4 42. Bd1 Kd3 43. Kf4 Bh7 44. b3 Kd2 45. Bf3 Bc2 46. a4 bxa4
47. bxa4 Bxa4 0-1

[Event "SAbt Frankfurter TV 1860-Sfr. Heidesheim"]
[Site "Osnabrück"]
[Date "2012.12.29"]
[Round "5.4"]
[White "Diyap, Murat"]
[Black "Faldum, Manfred"]
[Result "1-0"]
[WhiteElo "1920"]
[BlackElo "1822"]
[PlyCount "95"]
[EventDate "2012.??.??"]
[WhiteTeam "SAbt Frankfurter TV 1860"]
[BlackTeam "Sfr. Heidesheim"]

1. e4 c5 2. Nf3 g6 3. d4 cxd4 4. Nxd4 Bg7 5. Nc3 Nc6 6. Nb3 Nf6 7. Be2 O-O 8.
Bg5 d6 9. O-O h6 10. Bh4 a6 11. f4 Rb8 12. Bf3 Nd7 13. Kh1 Re8 14. Qe2 Bxc3 15.
bxc3 Qc7 16. Qd2 f6 17. Rad1 Nb6 18. g4 Kg7 19. g5 fxg5 20. fxg5 h5 21. Bxh5
gxh5 22. g6 Ne5 23. Rf7+ Nxf7 24. gxf7 Rh8 25. Rf1 Bg4 26. h3 Qc4 27. Qg5+ Kh7
28. Nd2 Qxc3 29. hxg4 Qh3+ 30. Kg1 Qxg4+ 31. Qxg4 hxg4 32. Bxe7 Nd7 33. Bxd6
Rbc8 34. e5 Nf8 35. Ne4 Kg6 36. Bxf8 Rhxf8 37. e6 Rc7 38. Nf6 Rfxf7 39. exf7
Rxf7 40. Nxg4 Rc7 41. Rf2 Rc3 42. Ne5+ Kg5 43. Nd3 Ra3 44. Nc1 Rc3 45. Kf1 Kg4
46. Ke1 Rc7 47. Nd3 Rc3 48. Kd2 1-0

[Event "SV Schott Jena-SC Heitersheim"]
[Site "Osnabrück"]
[Date "2012.12.29"]
[Round "5.5"]
[White "Schopferer, Markus"]
[Black "Mauch, Johannes"]
[Result "0-1"]
[WhiteElo "1606"]
[BlackElo "1580"]
[PlyCount "122"]
[EventDate "2012.??.??"]
[WhiteTeam "SC Heitersheim"]
[BlackTeam "SV Schott Jena"]

1. g3 Nf6 2. Bg2 g6 3. d4 Bg7 4. e4 d6 5. Nc3 O-O 6. Nge2 Nfd7 7. O-O c5 8. Be3
Nc6 9. dxc5 Nxc5 10. Qd2 Rb8 11. Bh6 Ne6 12. Bxg7 Kxg7 13. Nd5 b5 14. a3 Qd7
15. Rfc1 Ba6 16. Bf1 Rfc8 17. c3 Ne5 18. Nd4 Kg8 19. Kg2 Nc4 20. Bxc4 bxc4 21.
Nxe6 Qxe6 22. f3 Bb7 23. Rc2 f5 24. Re1 fxe4 25. fxe4 Rc5 26. Re3 Rf8 27. Kg1
Qf7 28. Rc1 Bxd5 29. exd5 Rxd5 30. Qe2 e5 31. Rf1 Qxf1+ 32. Qxf1 Rxf1+ 33. Kxf1
Rd2 34. Re4 Rxh2 35. Rxc4 Rxb2 36. Rc6 Rb3 37. Rxd6 Rxc3 38. Rd8+ Kg7 39. Rd7+
Kh6 40. Rxa7 Rxg3 41. a4 Ra3 42. a5 Kg5 43. Rxh7 Rxa5 44. Rf7 e4 45. Ke2 Rf5
46. Rg7 Ra5 47. Ke3 Ra4 48. Rf7 Kg4 49. Rf4+ Kg3 50. Rf1 g5 51. Rg1+ Kh4 52.
Rh1+ Kg4 53. Rf1 Kh3 54. Rh1+ Kg2 55. Rh7 g4 56. Rc7 g3 57. Rg7 Kh2 58. Rh7+
Kg1 59. Rg7 g2 60. Rf7 Ra3+ 61. Ke2 Kh2 0-1

[Event "SK Bebenhausen 1992-Königsspringer SC Ha"]
[Site "Osnabrück"]
[Date "2012.12.29"]
[Round "5.2"]
[White "Braun, Georg"]
[Black "Stanau, Guido"]
[Result "1/2-1/2"]
[WhiteElo "2186"]
[BlackElo "1977"]
[PlyCount "173"]
[EventDate "2012.??.??"]
[WhiteTeam "SK Bebenhausen 1992"]
[BlackTeam "Königsspringer SC Hamburg 1984"]

1. e4 e6 2. d4 d5 3. Nc3 dxe4 4. Nxe4 Bd7 5. Nf3 Bc6 6. Bd3 Nd7 7. O-O Ngf6 8.
Ng3 Bxf3 9. Qxf3 c6 10. Re1 Be7 11. c3 O-O 12. Bf4 Qb6 13. Re2 Rfe8 14. Rae1
Rad8 15. Bb1 Nf8 16. Bc1 Ng6 17. Nh5 Qa5 18. Nxf6+ Bxf6 19. a3 Rd7 20. Bc2 Bg5
21. Bxg6 Bxc1 22. Bxh7+ Kxh7 23. Rxc1 Kg8 24. Rce1 Qb5 25. Qe3 a5 26. Qc1 Qc4
27. Re5 Rd5 28. f4 Red8 29. Qe3 Qa2 30. Qf2 b5 31. g4 b4 32. axb4 axb4 33. R1e2
bxc3 34. bxc3 Qc4 35. Rxd5 cxd5 36. Qf3 Ra8 37. Kg2 Ra2 38. Rxa2 Qxa2+ 39. Kh3
Qc2 40. f5 Qd2 41. fxe6 Qh6+ 42. Kg2 fxe6 43. h3 Qd2+ 44. Kf1 g5 45. Qe2 Qxc3
46. Qxe6+ Kf8 47. Qd6+ Ke8 48. Qe5+ Kf8 49. Qh8+ Kf7 50. Qh7+ Kf8 51. Qf5+ Ke8
52. Qe5+ Kf8 53. Qxg5 Qxh3+ 54. Ke1 Qg3+ 55. Kd2 Qf2+ 56. Kd3 Qf1+ 57. Kd2 Qf2+
58. Kc3 Qe1+ 59. Qd2 Qg3+ 60. Kb4 Qxg4 61. Qh6+ Ke7 62. Kc5 Qc8+ 63. Kxd5 Qd7+
64. Kc5 Qa7+ 65. Kd5 Qd7+ 66. Ke5 Qc7+ 67. Ke4 Qc2+ 68. Kd5 Qa2+ 69. Ke5 Qe2+
70. Kf5 Qd3+ 71. Ke5 Qe2+ 72. Kd5 Qa2+ 73. Ke4 Qe6+ 74. Qxe6+ Kxe6 75. d5+ Kd6
76. Kd4 Kd7 77. Ke5 Ke7 78. d6+ Kd7 79. Kd5 Kd8 80. Kc5 Kd7 81. Kd5 Kd8 82. Ke6
Ke8 83. Kf6 Kd7 84. Ke5 Kd8 85. Ke6 Ke8 86. d7+ Kd8 87. Kd6 1/2-1/2

[Event "SK Bebenhausen 1992-Königsspringer SC Ha"]
[Site "Osnabrück"]
[Date "2012.12.29"]
[Round "5.4"]
[White "Kaulich, Philipp Theodor"]
[Black "Raider, Eugen"]
[Result "1-0"]
[WhiteElo "2085"]
[BlackElo "1958"]
[PlyCount "41"]
[EventDate "2012.??.??"]
[WhiteTeam "SK Bebenhausen 1992"]
[BlackTeam "Königsspringer SC Hamburg 1984"]

1. e4 c5 2. Nf3 Nc6 3. c3 d5 4. exd5 Qxd5 5. d4 e5 6. Nxe5 Nxe5 7. dxe5 Qxe5+
8. Be3 Bd7 9. Qb3 Qc7 10. Nd2 Nf6 11. Bc4 Bc6 12. O-O-O O-O-O 13. Nf3 Bd6 14.
Ng5 Rhf8 15. Nxf7 Bxg2 16. Rxd6 Rxd6 17. Nxd6+ Qxd6 18. Rd1 Qe5 19. Qa3 Ne4 20.
Qxa7 Nxf2 21. Be6+ 1-0

[Event "TuS Coswig 1920-Hamburger SK von 1830"]
[Site "Osnabrück"]
[Date "2012.12.29"]
[Round "5.4"]
[White "Pönisch, Johannes"]
[Black "Gharibyan, Harutyun"]
[Result "1/2-1/2"]
[WhiteElo "2010"]
[BlackElo "2093"]
[PlyCount "52"]
[EventDate "2012.??.??"]
[WhiteTeam "TuS Coswig 1920"]
[BlackTeam "Hamburger SK von 1830"]

1. e4 e5 2. Nf3 Nc6 3. Bb5 a6 4. Bxc6 dxc6 5. h3 Ne7 6. Nc3 f6 7. d4 exd4 8.
Qxd4 Qxd4 9. Nxd4 Bd7 10. Be3 c5 11. Nde2 b6 12. O-O-O O-O-O 13. f4 f5 14. e5
Be6 15. Rhg1 Rxd1+ 16. Kxd1 h5 17. h4 Nc6 18. Kc1 Be7 19. g3 Rd8 20. Rd1 g6 21.
b3 Nb4 22. a3 Nd5 23. Nxd5 Rxd5 24. Rxd5 Bxd5 25. c4 Be6 26. Kc2 Kd7 1/2-1/2

[Event "Hagener SV-SG Solingen"]
[Site "Osnabrück"]
[Date "2012.12.29"]
[Round "5.1"]
[White "Hobusch, Alexander"]
[Black "Wöllermann, Jan"]
[Result "1/2-1/2"]
[WhiteElo "2217"]
[BlackElo "2204"]
[PlyCount "40"]
[EventDate "2012.??.??"]
[WhiteTeam "SG Solingen"]
[BlackTeam "Hagener SV"]

1. d4 Nf6 2. Nf3 e6 3. e3 b6 4. Bd3 Bb7 5. O-O c5 6. c4 cxd4 7. exd4 Be7 8. Nc3
d5 9. cxd5 Nxd5 10. Ne5 O-O 11. Qh5 Nf6 12. Qh4 Ne4 13. Qh3 Qxd4 14. Nxf7 Rxf7
15. Bxe4 Bxe4 16. Qg4 Nc6 17. Qxe4 Qxe4 18. Nxe4 Rc8 19. Be3 Nb4 20. Rac1 Rff8
1/2-1/2

[Event "Hagener SV-SG Solingen"]
[Site "Osnabrück"]
[Date "2012.12.29"]
[Round "5.6"]
[White "Rau, Nikita"]
[Black "Bashylin, Seva"]
[Result "1-0"]
[WhiteElo "1824"]
[BlackElo "1766"]
[Annotator "Admin"]
[PlyCount "87"]
[EventDate "2012.??.??"]
[WhiteTeam "Hagener SV"]
[BlackTeam "SG Solingen"]

1. e4 e5 2. Nf3 d6 3. g3 Nf6 4. d3 Be7 5. Bg2 Bg4 6. Nbd2 Nc6 7. O-O Qd7 8. c3
h5 9. Qc2 O-O-O 10. b4 Rdg8 11. Nc4 Bh3 12. Bxh3 Qxh3 13. Ng5 Qg4 14. Nxf7 Rh7
15. Ng5 Rh6 16. b5 Nd8 17. Ne3 Qd7 18. Nf5 Rhh8 19. Qa4 Kb8 20. Be3 b6 21. Qb3
g6 22. Nxe7 Qxe7 23. f3 Nh7 24. Nxh7 Qxh7 25. a4 g5 26. h3 g4 27. h4 gxf3 28.
Rxf3 Qd7 29. Kh2 Rf8 30. Raf1 Rxf3 31. Rxf3 Qg4 32. Kg2 Rg8 33. a5 bxa5 34. Qa2
(34. Bg5 Ne6 35. Qc4 Rxg5 36. hxg5 Nf4+ 37. Rxf4 exf4) 34... Nb7 35. Qf7 Nd8
36. Qa2 Nb7 37. Bg5 Qc8 38. Qf7 Qe8 39. Qd5 Rf8 40. Rf5 Qc8 41. Be3 Rxf5 42.
exf5 Qxf5 43. Qg8+ Qc8 44. Bxa7+ 1-0

[Event "SAbt Frankfurter TV 1860-Sfr. Heidesheim"]
[Site "Osnabrück"]
[Date "2012.12.29"]
[Round "5.1"]
[White "Carow, Johannes"]
[Black "Meier, Lars"]
[Result "1-0"]
[WhiteElo "2282"]
[BlackElo "2045"]
[PlyCount "71"]
[EventDate "2012.??.??"]
[WhiteTeam "Sfr. Heidesheim"]
[BlackTeam "SAbt Frankfurter TV 1860"]

1. d4 d5 2. Nf3 Nf6 3. c4 Nc6 4. cxd5 Nxd5 5. e4 Nf6 6. Nc3 e6 7. Bd3 Bb4 8.
O-O O-O 9. e5 Nd5 10. Ne4 Nde7 11. Ng3 Nf5 12. Nxf5 exf5 13. a3 Ba5 14. Bc4 a6
15. d5 b5 16. Ba2 Ne7 17. Qd3 Ng6 18. Rd1 Re8 19. b4 Bb6 20. Bb2 Nf4 21. Qd2 g5
22. Nd4 Qe7 23. Nc6 Qf8 24. Rac1 Qh6 25. Re1 Qh4 26. Bd4 Nxg2 27. Kxg2 Qg4+ 28.
Kf1 Qh3+ 29. Ke2 f4 30. Qd3 f3+ 31. Kd2 Bf5 32. Qe3 Bxd4 33. Nxd4 Bg6 34. Nxf3
g4 35. Nd4 Qxh2 36. Rxc7 1-0

[Event "SF Brackel 1930-Heilbronner SV"]
[Site "Osnabrück"]
[Date "2012.12.29"]
[Round "5.1"]
[White "Peng, Xiang-Tobias"]
[Black "Strathoff, Jens"]
[Result "1-0"]
[WhiteElo "1802"]
[BlackElo "2133"]
[PlyCount "59"]
[EventDate "2012.??.??"]
[WhiteTeam "Heilbronner SV"]
[BlackTeam "SF Brackel 1930"]

1. e4 e5 2. f4 d5 3. exd5 exf4 4. Nf3 Nf6 5. Nc3 Bd6 6. Bc4 O-O 7. O-O Nbd7 8.
d4 Nb6 9. Bb3 Bg4 10. Qd3 Re8 11. Ne5 Bxe5 12. dxe5 Rxe5 13. Bxf4 Re7 14. Bg5
Bh5 15. Bxf6 gxf6 16. Ne4 Bg6 17. Nxf6+ Kf8 18. Qd2 Kg7 19. Qc3 Kf8 20. Ng4 Ke8
21. Nf6+ Kf8 22. Rae1 Nc8 23. Ba4 Qd6 24. Ne8 Qb6+ 25. Kh1 Rxe1 26. Rxe1 f6 27.
Nxf6 Qa6 28. Nxh7+ Kg8 29. Nf6+ Kf8 30. Nd7+ 1-0

[Event "SF Brackel 1930-Heilbronner SV"]
[Site "Osnabrück"]
[Date "2012.12.29"]
[Round "5.4"]
[White "Schwiddessen, Jan"]
[Black "Thren, Christian"]
[Result "1-0"]
[WhiteElo "1834"]
[BlackElo "1530"]
[PlyCount "51"]
[EventDate "2012.??.??"]
[WhiteTeam "SF Brackel 1930"]
[BlackTeam "Heilbronner SV"]

1. e4 d5 2. exd5 Qxd5 3. Nc3 Qd6 4. Nf3 Nf6 5. d4 Bf5 6. Ne5 a6 7. Bf4 Qb6 8.
Nc4 Qe6+ 9. Be2 Nd5 10. Bg3 b5 11. Nxd5 Qxd5 12. Ne3 Qd7 13. Nxf5 Qxf5 14. Bxc7
Nd7 15. c3 h5 16. h3 e6 17. Bd3 Qd5 18. Qe2 Rc8 19. Be4 Qg5 20. Bh2 Nb8 21. Qf3
b4 22. Bb7 bxc3 23. bxc3 Rc4 24. Bxb8 a5 25. O-O Rh6 26. Bf4 1-0

[Event "SC Vaterstetten-SV Empor Berlin"]
[Site "Osnabrück"]
[Date "2012.12.29"]
[Round "5.1"]
[White "Moritz, Aron"]
[Black "Arndt, Dominik"]
[Result "1-0"]
[WhiteElo "2206"]
[BlackElo "1935"]
[PlyCount "31"]
[EventDate "2012.??.??"]
[WhiteTeam "SV Empor Berlin"]
[BlackTeam "SC Vaterstetten"]

1. e4 c5 2. Nf3 g6 3. d4 cxd4 4. Nxd4 Bg7 5. c4 Nc6 6. Be3 Nf6 7. Nc3 O-O 8.
Be2 d6 9. O-O Bd7 10. Nc2 Qa5 11. f3 a6 12. Qd2 Rfc8 13. Rab1 Ne5 14. c5 Bc6
15. cxd6 Rd8 16. b4 1-0

[Event "SC Vaterstetten-SV Empor Berlin"]
[Site "Osnabrück"]
[Date "2012.12.29"]
[Round "5.2"]
[White "Borchert, Finn"]
[Black "Sivakumaran, Ramash"]
[Result "1/2-1/2"]
[WhiteElo "1890"]
[BlackElo "1869"]
[PlyCount "45"]
[EventDate "2012.??.??"]
[WhiteTeam "SC Vaterstetten"]
[BlackTeam "SV Empor Berlin"]

1. e4 c5 2. Nc3 d6 3. g3 g6 4. Bg2 Bg7 5. d3 Nc6 6. f4 Rb8 7. a4 a6 8. Nf3 b5
9. axb5 axb5 10. O-O e6 11. h3 Nge7 12. Qe1 Qc7 13. g4 b4 14. Nd1 f5 15. exf5
gxf5 16. Ne3 O-O 17. Kh1 Kh8 18. Ng5 Ng6 19. gxf5 exf5 20. Qe2 Nd4 21. Qh5 Bf6
22. Nd5 Qg7 23. Nxf6 1/2-1/2

[Event "SC Vaterstetten-SV Empor Berlin"]
[Site "Osnabrück"]
[Date "2012.12.29"]
[Round "5.5"]
[White "Scheinhütte, Jakob"]
[Black "Süß, Christian"]
[Result "1-0"]
[WhiteElo "1697"]
[BlackElo "1460"]
[PlyCount "41"]
[EventDate "2012.??.??"]
[WhiteTeam "SV Empor Berlin"]
[BlackTeam "SC Vaterstetten"]

1. e4 e5 2. Nf3 d6 3. c3 Bg4 4. h3 Bh5 5. d4 exd4 6. cxd4 d5 7. exd5 Qxd5 8.
Nc3 Qd8 9. Be2 Nf6 10. Bg5 h6 11. Bh4 Be7 12. Qb3 b6 13. Bxf6 Bxf6 14. Qb5+ Qd7
15. Qxh5 Bxd4 16. Nxd4 Qxd4 17. Rd1 Qf6 18. O-O O-O 19. Qf3 Nc6 20. Qxf6 gxf6
21. Bf3 1-0

[Event "SV Schott Jena-SC Heitersheim"]
[Site "Osnabrück"]
[Date "2012.12.29"]
[Round "5.1"]
[White "Grunau, Christoph"]
[Black "Saran, Bajar"]
[Result "1-0"]
[WhiteElo "2008"]
[BlackElo "1872"]
[PlyCount "113"]
[EventDate "2012.??.??"]
[WhiteTeam "SC Heitersheim"]
[BlackTeam "SV Schott Jena"]

1. e4 e5 2. Nf3 Nc6 3. Bb5 a6 4. Ba4 Nf6 5. O-O b5 6. Bb3 Be7 7. d3 O-O 8. a4
Rb8 9. axb5 axb5 10. Nc3 d6 11. h3 Be6 12. Nd5 Qd7 13. c3 Ra8 14. Nxe7+ Qxe7
15. Rxa8 Rxa8 16. Bc2 h6 17. d4 Bc8 18. Qd3 Ba6 19. b4 exd4 20. Nxd4 Nxd4 21.
cxd4 Qd7 22. Qf3 Bb7 23. d5 Qe7 24. Bb2 Re8 25. Qc3 Qe5 26. Qxe5 dxe5 27. Ra1
Nd7 28. Bd3 c6 29. Ra7 Rb8 30. Rxb7 Rxb7 31. dxc6 Rc7 32. cxd7 Rxd7 33. Bxb5
Rb7 34. Bc6 Rxb4 35. Bxe5 Rb6 36. Bd5 Ra6 37. g4 Ra3 38. Kg2 Rd3 39. h4 Kf8 40.
Bd6+ Kg8 41. f3 Kh7 42. Be5 Kg8 43. Kg3 Ra3 44. g5 hxg5 45. hxg5 g6 46. Kg4 Ra7
47. f4 Kh7 48. f5 Re7 49. Kf4 Ra7 50. Bd6 Kg7 51. f6+ Kg8 52. e5 Ra1 53. e6
Rf1+ 54. Kg4 fxe6 55. Bxe6+ Kh7 56. f7 Kg7 57. f8=Q+ 1-0